000 00762nam a22002537a 4500
003 UA-OsUOA
001 22040
007 ta
008 20031216b un ||||| |||| 00| 0 ukr d
100 _aЗлыднева Н.В.
090 _a008(091)"654"
_bЗ-68
942 _cBK
040 _aUA-OsUOA
_brus
_cUA-OsUOA
_dUA-OsUOA
245 _aХудожественная традиция в пространстве Балканской культуры
300 _a177 с.
955 _a0
041 _arus
080 _a008(091)"654"
020 _a5-201-00706-6
260 _aМосква
_bИнститут словяноведения и балканистики АН СССР
_c1991
044 _aRU
650 7 _2UDC
999 _c308253
_d308253